Child development / (Record no. 778)
[ view plain ]
| 000 -LEADER | |
|---|---|
| fixed length control field | 01865cam a2200517 a 4500 |
| 003 - CONTROL NUMBER IDENTIFIER | |
| control field | CaAEU |
| 005 - DATE AND TIME OF LATEST TRANSACTION | |
| control field | 20210617084006.0 |
| 008 - FIXED-LENGTH DATA ELEMENTS--GENERAL INFORMATION | |
| fixed length control field | 020611s2003 oncac b 001 0 eng |
| 020 ## - INTERNATIONAL STANDARD BOOK NUMBER | |
| International Standard Book Number | 020536053X (bound) : |
| 020 ## - INTERNATIONAL STANDARD BOOK NUMBER | |
| International Standard Book Number | 9780205360536 (bound) |
| 020 ## - INTERNATIONAL STANDARD BOOK NUMBER | |
| International Standard Book Number | 9780205381845 (Study guide) |
| 020 ## - INTERNATIONAL STANDARD BOOK NUMBER | |
| International Standard Book Number | 0205381847 (Study guide) |
| 040 ## - CATALOGING SOURCE | |
| Transcribing agency | NLC |
| 049 ## - LOCAL HOLDINGS (OCLC) | |
| Holding library | UABA |
| 050 #4 - LIBRARY OF CONGRESS CALL NUMBER | |
| Classification number | HQ767.9 |
| Item number | .B473 2003 |
| 055 01 - CLASSIFICATION NUMBERS ASSIGNED IN CANADA | |
| Classification number | HQ767.9 |
| 055 #0 - CLASSIFICATION NUMBERS ASSIGNED IN CANADA | |
| Classification number | HQ767.9 |
| Item number | B473 2003 |
| 055 00 - CLASSIFICATION NUMBERS ASSIGNED IN CANADA | |
| Classification number | HQ767 .9 |
| Item number | B48 2002 fol. |
| 090 ## - LOCALLY ASSIGNED LC-TYPE CALL NUMBER (OCLC); LOCAL CALL NUMBER (RLIN) | |
| Classification number (OCLC) (R) ; Classification number, CALL (RLIN) (NR) | HQ 767.9 B51 2003 |
| Local cutter number (OCLC) ; Book number/undivided call number, CALL (RLIN) | AEVAC |
| 090 ## - LOCALLY ASSIGNED LC-TYPE CALL NUMBER (OCLC); LOCAL CALL NUMBER (RLIN) | |
| Classification number (OCLC) (R) ; Classification number, CALL (RLIN) (NR) | HQ 767.9 B512 2003 |
| Local cutter number (OCLC) ; Book number/undivided call number, CALL (RLIN) | AEU |
| 090 ## - LOCALLY ASSIGNED LC-TYPE CALL NUMBER (OCLC); LOCAL CALL NUMBER (RLIN) | |
| Classification number (OCLC) (R) ; Classification number, CALL (RLIN) (NR) | HQ767.9 .B464 2003 |
| Local cutter number (OCLC) ; Book number/undivided call number, CALL (RLIN) | AEGMCT |
| 090 ## - LOCALLY ASSIGNED LC-TYPE CALL NUMBER (OCLC); LOCAL CALL NUMBER (RLIN) | |
| Classification number (OCLC) (R) ; Classification number, CALL (RLIN) (NR) | 305.231 BER |
| Local cutter number (OCLC) ; Book number/undivided call number, CALL (RLIN) | ASAV |
| 090 ## - LOCALLY ASSIGNED LC-TYPE CALL NUMBER (OCLC); LOCAL CALL NUMBER (RLIN) | |
| Classification number (OCLC) (R) ; Classification number, CALL (RLIN) (NR) | 305.231 BER |
| Local cutter number (OCLC) ; Book number/undivided call number, CALL (RLIN) | AGVC |
| 100 1# - MAIN ENTRY--PERSONAL NAME | |
| Personal name | Berk, Laura E. |
| 245 10 - TITLE STATEMENT | |
| Title | Child development / |
| Statement of responsibility, etc. | Laura E. Berk. |
| 250 ## - EDITION STATEMENT | |
| Edition statement | Canadian ed. / |
| Remainder of edition statement | adapted by Laura E. Berk and Elizabeth A. Levin. |
| 260 ## - PUBLICATION, DISTRIBUTION, ETC. | |
| Place of publication, distribution, etc. | Toronto : |
| Name of publisher, distributor, etc. | Allyn and Bacon, |
| Date of publication, distribution, etc. | c2003. |
| 300 ## - PHYSICAL DESCRIPTION | |
| Extent | 1 v. (various pagings) : |
| Other physical details | col. ill., col. ports. ; |
| Dimensions | 28 cm. |
| 336 ## - CONTENT TYPE | |
| Content type term | text |
| Content type code | txt |
| Source | rdacontent |
| 337 ## - MEDIA TYPE | |
| Media type term | unmediated |
| Media type code | n |
| Source | rdamedia |
| 338 ## - CARRIER TYPE | |
| Carrier type term | volume |
| Carrier type code | nc |
| Source | rdacarrier |
| 500 ## - GENERAL NOTE | |
| General note | Accompanied by: Sdudy guide for Berk Child development, Canadian edition / JoDe Paladino, Laura E. Berk ; adapted for Canada by JoDe Paldino and Tara Kindelberger. |
| 504 ## - BIBLIOGRAPHY, ETC. NOTE | |
| Bibliography, etc. note | Includes bibliographical references and index. |
| 650 #0 - SUBJECT ADDED ENTRY--TOPICAL TERM | |
| Topical term or geographic name entry element | Child development. |
| 700 1# - ADDED ENTRY--PERSONAL NAME | |
| Personal name | Paladino, JoDe. |
| Title of a work | Study guid for Berk Child development. |
| 700 1# - ADDED ENTRY--PERSONAL NAME | |
| Personal name | Kindelberger, Tara. |
| 700 1# - ADDED ENTRY--PERSONAL NAME | |
| Personal name | Levin, Elizabeth A., |
| Dates associated with a name | 1953- |
| 942 ## - ADDED ENTRY ELEMENTS (KOHA) | |
| Source of classification or shelving scheme | |
| Koha item type | Book |
| Suppress in OPAC | DO |
| 949 ## - LOCAL PROCESSING INFORMATION (OCLC) | |
| a | HQ 767.9 B512 2003 |
| c | 1 |
| h | UAED-B |
| i | 0162027953262 |
| 949 ## - LOCAL PROCESSING INFORMATION (OCLC) | |
| a | HQ 767.9 B512 2003 |
| v | study gd. |
| c | 1 |
| h | UAED-B |
| i | 0162027953494 |
| Withdrawn status | Lost status | Source of classification or shelving scheme | Damaged status | Not for loan | Permanent Location | Current Location | Shelving location | Date acquired | Total Checkouts | Total Renewals | Full call number | Barcode | Date last seen | Date last checked out | Copy number | Price effective from | Koha item type | Public note |
|---|---|---|---|---|---|---|---|---|---|---|---|---|---|---|---|---|---|---|
| AU LIBRARY | AU LIBRARY | Open Shelf | 17.06.2021 | 2 | 1 | HQ767.9 .B473 2003 C1 | 28003100 | 19.03.2024 | 05.03.2024 | 1 | 17.06.2021 | Book | DO | |||||
| AU LIBRARY | AU LIBRARY | Open Shelf | 17.06.2021 | HQ767.9 .B473 2003 C2 | 28003080 | 17.06.2021 | 2 | 17.06.2021 | Book | DO |